GATE 2017 graduate aptitude test in engineering: (Record no. 139288)

MARC details
000 -LEADER
fixed length control field 00733nam a22001697a 4500
005 - DATE AND TIME OF LATEST TRANSACTION
control field 20170427101111.0
020 ## - INTERNATIONAL STANDARD BOOK NUMBER
International Standard Book Number 9789351448419
Terms of availability 945.00
035 ## - SYSTEM CONTROL NUMBER
System control number B-665218
037 ## - SOURCE OF ACQUISITION
Source of stock number/acquisition DBAD/PUB
082 ## - DEWEY DECIMAL CLASSIFICATION NUMBER
Classification number 621.8
245 ## - TITLE STATEMENT
Title GATE 2017 graduate aptitude test in engineering:
Statement of responsibility, etc by Gateforum
Remainder of title machanical engineering /
260 ## - PUBLICATION, DISTRIBUTION, ETC. (IMPRINT)
Place of publication, distribution, etc Noida
Name of publisher, distributor, etc McGraw Hill Education
Date of publication, distribution, etc 2017
270 ## - ADDRESS
Address B-4, Sector-63, Dist. Gautam Budh Nagar
City Noida
Postal code 201301
300 ## - PHYSICAL DESCRIPTION
Extent various pagings :
Dimensions 25cm(pbk)
Other physical details ill
942 ## - ADDED ENTRY ELEMENTS (KOHA)
Source of classification or shelving scheme Dewey Decimal Classification
Item type English Books
Classification part 621.8
Call number suffix GAT
Holdings
Withdrawn status Lost status Not for loan Collection code Home library Current library Date acquired Source of acquisition Cost, normal purchase price Full call number Barcode Copy number Cost, replacement price Koha item type
      Non-fiction Ashok Vihar Ashok Vihar 27/04/2017 BPPD/EN/2014-15/AV/16-17/387/15.2.2017/5059/1.3.2017/ 7.3.2017 945.00 621.8 GAT B-665218 1 945.00 English Books

© Delhi Public Library
Hit Counter
free hit counter